00909nam a2200217 i 450000100060000000300090000600500170001500700030003200800410003510000350007624501450011126000430025630000310029950000700033065000320040070000290043271000570046185200340051899900170055295201220056977442ES-MaACL20230906173218.0t|041008s1960 sp ||||1| spa d1 aGutiérrez Soto, Luis.96122710aBreves consideraciones sobre la nueva arquitectura / cdiscurso leído por Luis Gutiérrez Soto y contestación de Modesto López Otero. aMadrid : b[s.n., c1960] (fAltamira) a64 p., 1 lám. ; c25 cm. aPrecede al tít.: Real Academia de Bellas Artes de San Fernando.04aArquitectura-yS.XX.9100071 aLópez Otero, M.9738532 aReal Academia de Bellas Artes de San Fernando.96291 aES-MaACLjF-M-III-N bR.46002 c77442d77442 00104070aATENEOMbATENEOMcADMd2008-01-17eSCl0oF-M-III-Np1081024r2023-02-23 00:00:00w2023-02-23yMONOGRAFIA